[Event "Montreal Mercredi 09"]
[Site "Montreal CAN"]
[Date "2007.09.05"]
[Round "1"]
[White "Tremblay, Sigfrid"]
[Black "Torkan, Behnam"]
[Result "0-1"]
[WhiteElo "1960"]
[BlackElo "1906"]
[PlyCount "110"]
[GameId "2160767910579377"]
[EventDate "2007.09.05"]
[EventType "swiss"]
[EventRounds "5"]
[EventCountry "CAN"]
[SourceTitle "EXT 2022"]
[Source "ChessBase"]
[SourceDate "2021.10.06"]
[SourceVersion "1"]
[SourceVersionDate "2021.10.06"]
[SourceQuality "1"]

1. e4 c5 2. Nc3 Nc6 3. g3 Nf6 4. Bg2 e6 5. d3 h6 6. Nh3 Be7 7. O-O O-O 8. f4 d5 9. Kh1 d4 10. Ne2 e5 11. f5 b5 12. Bf3 Bb7 13. g4 Nh7 14. Ng3 Ng5 15. Nxg5 Bxg5 16. Bg2 f6 17. a4 a6 18. Bxg5 hxg5 19. Bf3 Qd7 20. Qd2 c4 21. Be2 Qf7 22. dxc4 bxc4 23. b3 cxb3 24. cxb3 Qxb3 25. Rfc1 Kh8 26. Rab1 Qf7 27. Bc4 Qd7 28. Qg2 g6 29. Qh3+ Kg7 30. Be6 Qc7 31. Nh5+ gxh5 32. Qxh5 Rab8 33. Bd5 Ba8 34. Rxb8 Rxb8 35. Qg6+ Kh8 36. Qxf6+ Qg7 37. Qd6 Rb2 38. Bxc6 Bxc6 39. Qxc6 Rb8 40. Qd6 Rf8 41. Rc7 Rf7 42. Rxf7 Qxf7 43. Qh6+ Kg8 44. Qxg5+ Kf8 45. Qh6+ Kg8 46. g5 Qc7 47. g6 Qb7 48. Qc1 Qxe4+ 49. Kg1 Qg4+ 50. Kh1 Qf3+ 51. Kg1 Qg4+ 52. Kh1 Qxf5 53. Qc4+ Kg7 54. Qxa6 d3 55. Kg1 d2 0-1

[Event "Montreal Mercredi 09"]
[Site "Montreal CAN"]
[Date "2007.09.12"]
[Round "2"]
[White "Asselin, Francis"]
[Black "Medeiros, Steve"]
[Result "1-0"]
[WhiteElo "1400"]
[BlackElo "1414"]
[PlyCount "94"]
[GameId "2160767910579378"]
[EventDate "2007.09.05"]
[EventType "swiss"]
[EventRounds "5"]
[EventCountry "CAN"]
[SourceTitle "EXT 2022"]
[Source "ChessBase"]
[SourceDate "2021.10.06"]
[SourceVersion "1"]
[SourceVersionDate "2021.10.06"]
[SourceQuality "1"]

1. e4 c5 2. Bc4 e6 3. Qe2 Nc6 4. Nf3 g6 5. d3 Bg7 6. c3 Nge7 7. Be3 d6 8. O-O O-O 9. Na3 a6 10. Nc2 Na5 11. d4 Nxc4 12. Qxc4 b5 13. Qe2 cxd4 14. Bxd4 Bb7 15. Rfd1 Bxd4 16. Nfxd4 Qb6 17. b3 d5 18. e5 Rac8 19. Qd2 Rc7 20. Ne3 Rfc8 21. Ng4 Rxc3 22. Nf6+ Kg7 23. Ng4 Ng8 24. h4 h5 25. Ne3 Ne7 26. Ne2 R3c5 27. b4 R5c7 28. g4 d4 29. Nxd4 hxg4 30. Nxg4 Ng8 31. h5 Rc4 32. Ne3 Rxd4 33. Qxd4 Qc6 34. Qh4 Nh6 35. hxg6 fxg6 36. Kf1 Qf3 37. Rd7+ Nf7 38. Qf6+ Kg8 39. Qxg6+ Kf8 40. Rxb7 Qxb7 41. Qxe6 Qh1+ 42. Ke2 Qxa1 43. Qxc8+ Kg7 44. Nf5+ Kh7 45. Qe6 Qxe5+ 46. Qxe5 Nxe5 47. Ne3 Nc4 1-0

[Event "Montreal Mercredi 09"]
[Site "Montreal CAN"]
[Date "2007.09.12"]
[Round "2"]
[White "Bolduc, Rene"]
[Black "Daoud, Michel"]
[Result "0-1"]
[WhiteElo "1480"]
[BlackElo "1474"]
[PlyCount "76"]
[GameId "2160767910579379"]
[EventDate "2007.09.05"]
[EventType "swiss"]
[EventRounds "5"]
[EventCountry "CAN"]
[SourceTitle "EXT 2022"]
[Source "ChessBase"]
[SourceDate "2021.10.06"]
[SourceVersion "1"]
[SourceVersionDate "2021.10.06"]
[SourceQuality "1"]

1. d4 Nf6 2. c4 g6 3. Nc3 Bg7 4. e4 d6 5. Nf3 Nbd7 6. Bd3 O-O 7. Bg5 e5 8. Nd5 Re8 9. O-O c6 10. Nxf6+ Nxf6 11. dxe5 dxe5 12. Qb3 Qc7 13. h3 Be6 14. a4 Nd7 15. Qc3 f6 16. Be3 Rad8 17. b4 f5 18. Ng5 f4 19. Bc1 Nf8 20. c5 Kh8 21. Bc4 h6 22. Nxe6 Nxe6 23. Bxe6 Rxe6 24. Bb2 g5 25. Rad1 Rg6 26. Qb3 Rf8 27. Qd3 g4 28. h4 g3 29. fxg3 Rxg3 30. Rf3 Rg6 31. Qd7 Rf7 32. Qe8+ Kh7 33. Rd6 Qe7 34. Qxe7 Rxe7 35. Kf2 Bf6 36. Rh3 Reg7 37. Kf3 Rxg2 38. Rxf6 Rxb2 0-1

[Event "Montreal Mercredi 09"]
[Site "Montreal CAN"]
[Date "2007.09.12"]
[Round "2"]
[White "Casquero, Herberth"]
[Black "Lemieux, Serge"]
[Result "1-0"]
[WhiteElo "1485"]
[BlackElo "1502"]
[PlyCount "79"]
[GameId "2160767910579380"]
[EventDate "2007.09.05"]
[EventType "swiss"]
[EventRounds "5"]
[EventCountry "CAN"]
[SourceTitle "EXT 2022"]
[Source "ChessBase"]
[SourceDate "2021.10.06"]
[SourceVersion "1"]
[SourceVersionDate "2021.10.06"]
[SourceQuality "1"]

1. e4 d6 2. d4 c5 3. dxc5 Qa5+ 4. Nc3 Qxc5 5. Be3 Qa5 6. Bc4 Nf6 7. Qd2 Nc6 8. Nf3 Bg4 9. Nd4 Ne5 10. Bb3 Rc8 11. f3 Bd7 12. O-O Nc4 13. Bxc4 Rxc4 14. Rad1 e5 15. Nb3 Qc7 16. Rf2 Be7 17. Bxa7 b6 18. Qe2 O-O 19. Bxb6 Qxb6 20. Qxc4 Be6 21. Nd5 Nxd5 22. exd5 Rc8 23. Qd3 Bd7 24. c4 f5 25. g3 Rf8 26. Kg2 Rf6 27. f4 Qd8 28. Nc1 Qf8 29. b4 Rg6 30. Nb3 Qf6 31. c5 e4 32. Qd4 Qh4 33. c6 Bc8 34. b5 Qh5 35. Rc1 Bf6 36. Qe3 Rh6 37. Rh1 g5 38. b6 Qh3+ 39. Kg1 Qg4 40. b7 1-0

[Event "Montreal Mercredi 09"]
[Site "Montreal CAN"]
[Date "2007.09.12"]
[Round "2"]
[White "Katch, Gary"]
[Black "Cote, Philippe"]
[Result "1-0"]
[WhiteElo "1852"]
[BlackElo "1752"]
[PlyCount "81"]
[GameId "2160767910579381"]
[EventDate "2007.09.05"]
[EventType "swiss"]
[EventRounds "5"]
[EventCountry "CAN"]
[SourceTitle "EXT 2022"]
[Source "ChessBase"]
[SourceDate "2021.10.06"]
[SourceVersion "1"]
[SourceVersionDate "2021.10.06"]
[SourceQuality "1"]

1. e4 d6 2. d4 Nf6 3. Nc3 g6 4. Be3 c6 5. Nf3 b5 6. e5 dxe5 7. dxe5 Nfd7 8. Ng5 e6 9. f4 Be7 10. Nce4 O-O 11. Bd3 Na6 12. c3 Nac5 13. Bc2 Nxe4 14. Nxe4 Qc7 15. O-O c5 16. Qe2 Rb8 17. b3 Bb7 18. Rfd1 Bd5 19. Rd2 f6 20. exf6 Nxf6 21. Ng5 Qc8 22. c4 bxc4 23. bxc4 Ba8 24. Rad1 h6 25. Nf3 Be4 26. Ne5 Kh7 27. Nd7 Bxc2 28. Nxf8+ Qxf8 29. Rxc2 Rd8 30. Rb2 Rxd1+ 31. Qxd1 Ne4 32. Qd7 Qf6 33. Rb1 Nc3 34. Re1 Ne4 35. Qxa7 Kg7 36. Qc7 Kf7 37. Qe5 Qh4 38. Rf1 Nf6 39. h3 Nh5 40. Rf3 Ng3 41. Bf2 1-0

[Event "Montreal Mercredi 09"]
[Site "Montreal CAN"]
[Date "2007.09.12"]
[Round "2"]
[White "Landry, Martin"]
[Black "Millette, Sylvain"]
[Result "0-1"]
[WhiteElo "1636"]
[BlackElo "1699"]
[PlyCount "148"]
[GameId "2160767910579382"]
[EventDate "2007.09.05"]
[EventType "swiss"]
[EventRounds "5"]
[EventCountry "CAN"]
[SourceTitle "EXT 2022"]
[Source "ChessBase"]
[SourceDate "2021.10.06"]
[SourceVersion "1"]
[SourceVersionDate "2021.10.06"]
[SourceQuality "1"]

1. d4 Nf6 2. c4 g6 3. Nc3 d5 4. cxd5 Nxd5 5. e4 Nxc3 6. bxc3 c5 7. Bc4 Bg7 8. Ne2 cxd4 9. cxd4 Nc6 10. Be3 O-O 11. Qd2 Qa5 12. Rd1 Qxd2+ 13. Rxd2 Na5 14. Bd3 e6 15. O-O b6 16. Rc2 Bb7 17. Rfc1 Rac8 18. Rxc8 Rxc8 19. Rxc8+ Bxc8 20. d5 exd5 21. exd5 Bf8 22. Bf4 Nb7 23. Ba6 Nd6 24. Bxc8 Nxc8 25. Nd4 Bd6 26. Bxd6 Nxd6 27. Kf1 Kf8 28. Ke2 Ke8 29. Kd3 Kd7 30. a4 Nb7 31. Kc4 a6 32. Ne2 Kd6 33. f4 Nc5 34. Nc3 f5 35. h3 Nxa4 36. Nd1 b5+ 37. Kd4 Nb6 38. Ne3 h5 39. g4 fxg4 40. hxg4 hxg4 41. f5 gxf5 42. Nxf5+ Kd7 43. Kc5 Nxd5 44. Kxd5 a5 45. Ke5 Kc6 46. Nd4+ Kc5 47. Nb3+ Kb4 48. Nc1 a4 49. Kf4 a3 50. Kxg4 Kc3 51. Kf4 b4 52. Ke4 b3 53. Ne2+ Kb2 54. Nf4 a2 55. Nd3+ Kb1 56. Nc5 a1=Q 57. Nxb3 Qa8+ 58. Kd4 Kb2 59. Nc5 Qb8 60. Na4+ Kc2 61. Nc5 Kd2 62. Ne4+ Ke2 63. Nc3+ Kf3 64. Nd5 Qd6 65. Kc4 Ke4 66. Nc3+ Ke5 67. Kb3 Qd3 68. Kb4 Kd4 69. Nb5+ Kd5 70. Nc3+ Kc6 71. Kb3 Kc5 72. Kb2 Kc4 73. Nb1 Qb3+ 74. Kc1 Kd3 0-1

[Event "Montreal Mercredi 09"]
[Site "Montreal CAN"]
[Date "2007.09.12"]
[Round "2"]
[White "Messier, Samuel"]
[Black "Gauthier, Luc"]
[Result "0-1"]
[WhiteElo "1616"]
[BlackElo "1694"]
[PlyCount "94"]
[GameId "2160767910579383"]
[EventDate "2007.09.05"]
[EventType "swiss"]
[EventRounds "5"]
[EventCountry "CAN"]
[SourceTitle "EXT 2022"]
[Source "ChessBase"]
[SourceDate "2021.10.06"]
[SourceVersion "1"]
[SourceVersionDate "2021.10.06"]
[SourceQuality "1"]

1. e4 Nf6 2. e5 Nd5 3. d4 d6 4. c4 Nb6 5. f4 dxe5 6. fxe5 Nc6 7. Be3 Bf5 8. Nc3 e6 9. Nf3 Bg4 10. Qd2 Bb4 11. a3 Bxc3 12. bxc3 Na5 13. Qc2 Bxf3 14. gxf3 Qh4+ 15. Bf2 Qf4 16. Be2 O-O 17. c5 Nd5 18. c4 Ne7 19. Qe4 Ng6 20. Bg3 Qxe4 21. fxe4 Nc6 22. O-O-O Rfd8 23. Bf2 b6 24. d5 Ncxe5 25. d6 cxd6 26. cxd6 Nxc4 27. Rd4 Na5 28. Kb2 Ne5 29. Ba6 b5 30. Rc1 Nac4+ 31. Ka2 Rab8 32. a4 Nc6 33. Rdxc4 bxc4 34. Rxc4 Nb4+ 35. Ka3 Nxa6 36. Rc6 Nb4 37. Rc4 Rxd6 38. Bxa7 Rd3+ 39. Kb2 Ra8 40. Rxb4 Rd2+ 41. Kb3 Rxh2 42. a5 h5 43. Bc5 Rxa5 44. Bd6 Rh3+ 45. Kc4 Rh4 46. Kd3 Ra3+ 47. Kc2 Re3 0-1

[Event "Montreal Mercredi 09"]
[Site "Montreal CAN"]
[Date "2007.09.12"]
[Round "2"]
[White "Savard, Alain"]
[Black "Teasdale, Alain"]
[Result "1/2-1/2"]
[WhiteElo "1558"]
[BlackElo "1531"]
[PlyCount "79"]
[GameId "2160767910579384"]
[EventDate "2007.09.05"]
[EventType "swiss"]
[EventRounds "5"]
[EventCountry "CAN"]
[SourceTitle "EXT 2022"]
[Source "ChessBase"]
[SourceDate "2021.10.06"]
[SourceVersion "1"]
[SourceVersionDate "2021.10.06"]
[SourceQuality "1"]

1. e4 c5 2. Nf3 e6 3. Nc3 d6 4. g3 g6 5. Bg2 Bg7 6. O-O Nc6 7. d3 Nge7 8. Be3 O-O 9. Qd2 f5 10. Bh6 fxe4 11. Nxe4 e5 12. Bxg7 Kxg7 13. Ne1 h6 14. f4 Be6 15. fxe5 Rxf1+ 16. Kxf1 Nxe5 17. Nf3 Qf8 18. Qf4 Nd5 19. Qxf8+ Rxf8 20. Ke2 Bg4 21. Rf1 Nb4 22. h3 Bxf3+ 23. Bxf3 Nxc2 24. Bg2 Nd4+ 25. Kd2 Rxf1 26. Bxf1 b5 27. Nxd6 Nf5 28. Ne4 Nf3+ 29. Kc3 b4+ 30. Kc4 Ne3+ 31. Kxc5 Nxf1 32. d4 Ng5 33. Nxg5 hxg5 34. Kc6 Kf7 35. d5 Ke7 36. Kc7 Ne3 37. d6+ Ke6 38. d7 Nd5+ 39. Kc6 Ne7+ 40. Kc7 1/2-1/2

[Event "Montreal Mercredi 09"]
[Site "Montreal CAN"]
[Date "2007.09.19"]
[Round "3"]
[White "Courval, Francois"]
[Black "Torkan, Behnam"]
[Result "1-0"]
[WhiteElo "1914"]
[BlackElo "1906"]
[PlyCount "123"]
[GameId "2160767910579385"]
[EventDate "2007.09.05"]
[EventType "swiss"]
[EventRounds "5"]
[EventCountry "CAN"]
[SourceTitle "EXT 2022"]
[Source "ChessBase"]
[SourceDate "2021.10.06"]
[SourceVersion "1"]
[SourceVersionDate "2021.10.06"]
[SourceQuality "1"]

1. e4 c5 2. Nf3 e6 3. d4 cxd4 4. Nxd4 a6 5. Bd3 Bc5 6. Nb3 Ba7 7. O-O Nc6 8. Qe2 Nge7 9. Be3 d5 10. Bxa7 Rxa7 11. N1d2 O-O 12. e5 Ng6 13. f4 f6 14. exf6 Qxf6 15. Bxg6 Qxg6 16. c4 Qc2 17. Rab1 dxc4 18. Qxc4 Qxc4 19. Nxc4 b5 20. Nd6 Nb4 21. a3 Nd3 22. Rf3 Nxf4 23. Nxc8 Ne2+ 24. Kf2 Rxc8 25. Kxe2 Rc2+ 26. Kf1 Rd7 27. Rc3 Rxc3 28. bxc3 Rd3 29. Rc1 Kf7 30. Nd4 Re3 31. Kf2 Re5 32. Re1 Rc5 33. Rxe6 a5 34. Re3 b4 35. Nb3 Rh5 36. cxb4 axb4 37. axb4 Rxh2 38. Rh3 Rxh3 39. gxh3 Ke6 40. b5 Kd5 41. Nd4 g6 42. Kf3 h6 43. h4 Ke5 44. Kg4 Kd5 45. h5 gxh5+ 46. Kxh5 Kc5 47. Kxh6 Kb6 48. Kg6 Kc5 49. Kf5 Kb6 50. Ke6 Kc7 51. Kd5 Kb6 52. Kd6 Kb7 53. Kc5 Kc7 54. Ne6+ Kb7 55. b6 Kb8 56. Kc6 Kc8 57. Nc5 Kb8 58. Nd7+ Kc8 59. b7+ Kd8 60. b8=Q+ Ke7 61. Qf8+ Ke6 62. Qf6# 1-0

[Event "Montreal Mercredi 09"]
[Site "Montreal CAN"]
[Date "2007.09.19"]
[Round "3"]
[White "Daoud, Michel"]
[Black "Asselin, Francis"]
[Result "1-0"]
[WhiteElo "1474"]
[BlackElo "1400"]
[PlyCount "111"]
[GameId "2160767910579386"]
[EventDate "2007.09.05"]
[EventType "swiss"]
[EventRounds "5"]
[EventCountry "CAN"]
[SourceTitle "EXT 2022"]
[Source "ChessBase"]
[SourceDate "2021.10.06"]
[SourceVersion "1"]
[SourceVersionDate "2021.10.06"]
[SourceQuality "1"]

1. e4 e5 2. Nf3 d6 3. Bc4 Bg4 4. Nc3 c6 5. h3 Bxf3 6. Qxf3 Qf6 7. Qg3 Nd7 8. d3 Be7 9. Be3 a5 10. a4 Bd8 11. O-O Ne7 12. f4 O-O 13. fxe5 Qxe5 14. Qf3 Nf6 15. d4 Qh5 16. g4 Qg6 17. Bd3 Nd7 18. Ne2 d5 19. e5 f5 20. Nf4 Qh6 21. Nxd5 Qe6 22. Nf4 Qf7 23. e6 Qe8 24. exd7 Qxd7 25. Bc4+ Kh8 26. Ne6 Rf6 27. Ng5 Nd5 28. Bxd5 cxd5 29. gxf5 Bc7 30. Ne6 Bd6 31. Rae1 Rc8 32. Bg5 Rf7 33. Nc5 Bxc5 34. dxc5 Rxc5 35. Qe3 Rc8 36. Qe6 h6 37. Qxd7 Rxd7 38. f6 Rf7 39. fxg7+ Rxg7 40. c3 Rxg5+ 41. Kh2 Rg7 42. Rf6 Kh7 43. Ree6 d4 44. Rxh6+ Kg8 45. Rhg6 d3 46. Rxg7+ Kxg7 47. Rd6 Rf8 48. Kg3 Rf6 49. Rxd3 b6 50. Kg4 Rf2 51. b4 Ra2 52. Rd6 axb4 53. cxb4 Rxa4 54. Rxb6 Kh7 55. Kg5 Kg7 56. Rb7+ 1-0

[Event "Montreal Mercredi 09"]
[Site "Montreal CAN"]
[Date "2007.09.19"]
[Round "3"]
[White "Gauthier, Luc"]
[Black "Landry, Martin"]
[Result "1-0"]
[WhiteElo "1694"]
[BlackElo "1636"]
[PlyCount "51"]
[GameId "2160767910579387"]
[EventDate "2007.09.05"]
[EventType "swiss"]
[EventRounds "5"]
[EventCountry "CAN"]
[SourceTitle "EXT 2022"]
[Source "ChessBase"]
[SourceDate "2021.10.06"]
[SourceVersion "1"]
[SourceVersionDate "2021.10.06"]
[SourceQuality "1"]

1. e4 c5 2. Nc3 d6 3. g3 g6 4. Bg2 Bg7 5. d3 Nc6 6. f4 Bd7 7. Nf3 a6 8. O-O Rb8 9. Be3 Qa5 10. Qd2 e6 11. d4 cxd4 12. Nxd4 Qc7 13. Rad1 Bf8 14. f5 Ne5 15. fxe6 Bxe6 16. Nxe6 fxe6 17. Qf2 Bh6 18. Bxh6 Nxh6 19. Qf6 Qc5+ 20. Kh1 Kd7 21. Qg7+ Nhf7 22. Rxf7+ Nxf7 23. Qxf7+ Kc6 24. Qxe6 Rbe8 25. Rxd6+ Qxd6 26. e5+ 1-0

[Event "Montreal Mercredi 09"]
[Site "Montreal CAN"]
[Date "2007.09.19"]
[Round "3"]
[White "Lemieux, Serge"]
[Black "Bergeron, Rene"]
[Result "1-0"]
[WhiteElo "1502"]
[BlackElo "1500"]
[PlyCount "39"]
[GameId "2160767910579388"]
[EventDate "2007.09.05"]
[EventType "swiss"]
[EventRounds "5"]
[EventCountry "CAN"]
[SourceTitle "EXT 2022"]
[Source "ChessBase"]
[SourceDate "2021.10.06"]
[SourceVersion "1"]
[SourceVersionDate "2021.10.06"]
[SourceQuality "1"]

1. d4 Nf6 2. c4 e6 3. Nc3 Bb4 4. Bg5 h6 5. Bh4 b6 6. f3 Bb7 7. e4 Be7 8. Bd3 O-O 9. Nge2 Nh5 10. Bf2 d5 11. cxd5 exd5 12. e5 g6 13. Qc2 Kg7 14. g4 Bh4 15. gxh5 Bxf2+ 16. Kxf2 Qh4+ 17. Ng3 Qxd4+ 18. Kf1 Ba6 19. Bxa6 Nxa6 20. Nf5+ 1-0

[Event "Montreal Mercredi 09"]
[Site "Montreal CAN"]
[Date "2007.09.19"]
[Round "3"]
[White "Marquis, Gerald"]
[Black "Savard, Alain"]
[Result "0-1"]
[WhiteElo "1514"]
[BlackElo "1558"]
[PlyCount "54"]
[GameId "2160767910579389"]
[EventDate "2007.09.05"]
[EventType "swiss"]
[EventRounds "5"]
[EventCountry "CAN"]
[SourceTitle "EXT 2022"]
[Source "ChessBase"]
[SourceDate "2021.10.06"]
[SourceVersion "1"]
[SourceVersionDate "2021.10.06"]
[SourceQuality "1"]

1. d4 Nf6 2. c4 d6 3. Nc3 Nbd7 4. e4 c6 5. f4 e5 6. fxe5 dxe5 7. Nf3 exd4 8. Nxd4 Bb4 9. Bg5 Bxc3+ 10. bxc3 Qa5 11. Bd2 Nxe4 12. Qc2 Ndf6 13. Bd3 Nxd2 14. Qxd2 Qe5+ 15. Kf2 O-O 16. Rae1 Ng4+ 17. Kg1 Qf6 18. Rf1 Qh6 19. Rf4 Re8 20. h3 Ne5 21. Nf5 Bxf5 22. Bxf5 Rad8 23. Qf2 Qd6 24. Kh2 Nxc4 25. Rf1 Ne3 26. Kg1 Nxf1 27. Kxf1 Qd1+ 0-1

[Event "Montreal Mercredi 09"]
[Site "Montreal CAN"]
[Date "2007.09.19"]
[Round "3"]
[White "Medeiros, Steve"]
[Black "Turcotte, Jonathan"]
[Result "1-0"]
[WhiteElo "1414"]
[BlackElo "1409"]
[PlyCount "83"]
[GameId "2160767910579390"]
[EventDate "2007.09.05"]
[EventType "swiss"]
[EventRounds "5"]
[EventCountry "CAN"]
[SourceTitle "EXT 2022"]
[Source "ChessBase"]
[SourceDate "2021.10.06"]
[SourceVersion "1"]
[SourceVersionDate "2021.10.06"]
[SourceQuality "1"]

1. e4 e5 2. Bc4 Nf6 3. d3 Bc5 4. Nc3 O-O 5. Bg5 h6 6. Bh4 a6 7. Nd5 g5 8. Bg3 d6 9. h4 g4 10. f3 Nh5 11. Bf2 Bxf2+ 12. Kxf2 c6 13. Ne3 gxf3 14. Qxf3 Qf6 15. Ne2 Kh7 16. Qxf6 Nxf6 17. Raf1 Be6 18. Ke1 Nbd7 19. Bxe6 fxe6 20. g4 Kg6 21. Rhg1 Nh7 22. Rxf8 Rxf8 23. Rf1 Rxf1+ 24. Kxf1 Nhf6 25. Kg2 d5 26. exd5 exd5 27. Kg3 d4 28. Nc4 c5 29. Nd6 b5 30. c3 Nd5 31. Ne4 N7f6 32. Nxf6 Nxf6 33. cxd4 exd4 34. Nf4+ Kf7 35. g5 hxg5 36. hxg5 Nd7 37. Kg4 c4 38. Kf5 Nc5 39. g6+ Kg8 40. dxc4 bxc4 41. Nd5 Na4 42. Kf6 1-0

[Event "Montreal Mercredi 09"]
[Site "Montreal CAN"]
[Date "2007.09.19"]
[Round "3"]
[White "Millette, Sylvain"]
[Black "Katch, Gary"]
[Result "1/2-1/2"]
[WhiteElo "1699"]
[BlackElo "1852"]
[PlyCount "36"]
[GameId "2160767910579391"]
[EventDate "2007.09.05"]
[EventType "swiss"]
[EventRounds "5"]
[EventCountry "CAN"]
[SourceTitle "EXT 2022"]
[Source "ChessBase"]
[SourceDate "2021.10.06"]
[SourceVersion "1"]
[SourceVersionDate "2021.10.06"]
[SourceQuality "1"]

1. Nf3 d5 2. c4 e6 3. cxd5 exd5 4. g3 Nf6 5. Bg2 Be7 6. O-O O-O 7. d4 c6 8. Bg5 Ne4 9. Bxe7 Qxe7 10. Nbd2 Nd7 11. e3 Re8 12. Qc2 Nb6 13. Nxe4 dxe4 14. Nd2 f5 15. Nc4 Nxc4 16. Qxc4+ Be6 17. Qc2 Bd5 18. b3 Rac8 1/2-1/2

[Event "Montreal Mercredi 09"]
[Site "Montreal CAN"]
[Date "2007.09.19"]
[Round "3"]
[White "Ouimet, Bernard"]
[Black "Forget, Luc"]
[Result "1-0"]
[WhiteElo "1915"]
[BlackElo "1971"]
[PlyCount "67"]
[GameId "2160767910579392"]
[EventDate "2007.09.05"]
[EventType "swiss"]
[EventRounds "5"]
[EventCountry "CAN"]
[SourceTitle "EXT 2022"]
[Source "ChessBase"]
[SourceDate "2021.10.06"]
[SourceVersion "1"]
[SourceVersionDate "2021.10.06"]
[SourceQuality "1"]

1. e4 d5 2. exd5 Qxd5 3. Nc3 Qd6 4. d4 Nf6 5. Nf3 a6 6. g3 Nc6 7. Bg2 Bg4 8. O-O O-O-O 9. h3 Bh5 10. g4 Bg6 11. Be3 Nb4 12. Rc1 Nbd5 13. Nxd5 Nxd5 14. Ne5 e6 15. c4 Nxe3 16. fxe3 f6 17. c5 Qe7 18. Qb3 c6 19. Nc4 Qc7 20. Qc3 Kb8 21. b4 Be7 22. a4 h5 23. g5 Qg3 24. gxf6 gxf6 25. Rf3 Qc7 26. Rf4 Rhg8 27. b5 cxb5 28. axb5 axb5 29. Na5 Be8 30. Kh1 e5 31. dxe5 fxe5 32. Re4 Rd5 33. c6 b6 34. Nb7 1-0

[Event "Montreal Mercredi 09"]
[Site "Montreal CAN"]
[Date "2007.09.19"]
[Round "3"]
[White "Tremblay, Sigfrid"]
[Black "Papineau (Montreal), Daniel"]
[Result "1/2-1/2"]
[WhiteElo "1960"]
[BlackElo "1872"]
[PlyCount "66"]
[GameId "2160767910579393"]
[EventDate "2007.09.05"]
[EventType "swiss"]
[EventRounds "5"]
[EventCountry "CAN"]

1. e4 c6 2. d4 d5 3. f3 dxe4 4. fxe4 Nf6 5. Nc3 e5 6. Nf3 exd4 7. Qxd4 Qxd4 8. Nxd4 Bb4 9. Bd3 Nbd7 10. Bd2 Nc5 11. O-O-O Bg4 12. Nf3 Nxd3+ 13. cxd3 O-O-O 14. Be3 b6 15. a3 Bxc3 16. bxc3 c5 17. h3 Be6 18. g4 c4 19. Bg5 Rxd3 20. Rxd3 cxd3 21. Bxf6 gxf6 22. Nd4 h5 23. gxh5 Rxh5 24. Kd2 Bc4 25. Nf5 Kd7 26. h4 Kc6 27. Ke3 Kb5 28. Rb1+ Kc5 29. a4 a6 30. Kd2 Be6 31. Rh1 Bc4 32. Rb1 Be6 33. Rh1 Bc4 1/2-1/2

[Event "Montreal Mercredi 09"]
[Site "Montreal CAN"]
[Date "2007.09.26"]
[Round "4"]
[White "Bolduc, Rene"]
[Black "Medeiros, Steve"]
[Result "1-0"]
[WhiteElo "1480"]
[BlackElo "1414"]
[PlyCount "55"]
[GameId "2160767910579394"]
[EventDate "2007.09.05"]
[EventType "swiss"]
[EventRounds "5"]
[EventCountry "CAN"]
[SourceTitle "EXT 2022"]
[Source "ChessBase"]
[SourceDate "2021.10.06"]
[SourceVersion "1"]
[SourceVersionDate "2021.10.06"]
[SourceQuality "1"]

1. d4 Nf6 2. c4 e6 3. Nf3 Bb4+ 4. Bd2 Qe7 5. e3 O-O 6. Bd3 Bxd2+ 7. Nbxd2 d6 8. Rc1 e5 9. dxe5 dxe5 10. Bb1 Bg4 11. h3 Bxf3 12. Nxf3 Qb4+ 13. Qd2 Qxd2+ 14. Nxd2 Rd8 15. Ke2 a5 16. Rhd1 Nc6 17. Ne4 Ne8 18. Rd5 Rxd5 19. cxd5 Ne7 20. Nc3 Rd8 21. e4 c6 22. dxc6 Nxc6 23. Nd5 f5 24. a3 Nd4+ 25. Kf1 fxe4 26. Bxe4 Nd6 27. Bb1 Nc8 28. Rxc8 1-0

[Event "Montreal Mercredi 09"]
[Site "Montreal CAN"]
[Date "2007.09.26"]
[Round "4"]
[White "Casquero, Herberth"]
[Black "Bergeron, Rene"]
[Result "1-0"]
[WhiteElo "1485"]
[BlackElo "1500"]
[PlyCount "69"]
[GameId "2160767910579395"]
[EventDate "2007.09.05"]
[EventType "swiss"]
[EventRounds "5"]
[EventCountry "CAN"]
[SourceTitle "EXT 2022"]
[Source "ChessBase"]
[SourceDate "2021.10.06"]
[SourceVersion "1"]
[SourceVersionDate "2021.10.06"]
[SourceQuality "1"]

1. e4 d5 2. exd5 Qxd5 3. d4 Nc6 4. Be3 Nf6 5. c4 Qd6 6. Nc3 a6 7. Nf3 Bg4 8. Be2 e6 9. Qd2 Be7 10. h3 Bf5 11. Bf4 Qd7 12. O-O O-O 13. Rfe1 Bb4 14. Rad1 Rad8 15. a3 Ne4 16. Qe3 Nxc3 17. bxc3 Bxa3 18. c5 Ne7 19. Ra1 Nd5 20. Qd2 Nxf4 21. Rxa3 Nxe2+ 22. Rxe2 Qd5 23. Qb2 Bxh3 24. Rb3 Bg4 25. Re5 Qc6 26. Rxb7 Bxf3 27. gxf3 Qxf3 28. Rxc7 Rb8 29. Qc2 Rb5 30. c6 Rxe5 31. dxe5 Rd8 32. Rd7 Rxd7 33. cxd7 Qd5 34. Qb3 Qd3 35. Qb8# 1-0

[Event "Montreal Mercredi 09"]
[Site "Montreal CAN"]
[Date "2007.09.26"]
[Round "4"]
[White "Cote, Philippe"]
[Black "Millette, Sylvain"]
[Result "1/2-1/2"]
[WhiteElo "1752"]
[BlackElo "1699"]
[PlyCount "75"]
[GameId "2160767910579396"]
[EventDate "2007.09.05"]
[EventType "swiss"]
[EventRounds "5"]
[EventCountry "CAN"]
[SourceTitle "EXT 2022"]
[Source "ChessBase"]
[SourceDate "2021.10.06"]
[SourceVersion "1"]
[SourceVersionDate "2021.10.06"]
[SourceQuality "1"]

1. e4 Nf6 2. e5 Nd5 3. d4 d6 4. c4 Nb6 5. f4 dxe5 6. fxe5 c5 7. d5 e6 8. Nc3 exd5 9. cxd5 c4 10. Nf3 Bb4 11. Bxc4 O-O 12. Bb3 Bg4 13. Qd4 Bxf3 14. gxf3 Nc6 15. Qe4 Bxc3+ 16. bxc3 Nxe5 17. O-O Re8 18. Kh1 Ng6 19. Qd4 Qd6 20. c4 Re2 21. f4 Nd7 22. Bb2 Nf6 23. c5 Qc7 24. Rae1 Rae8 25. Rxe2 Rxe2 26. Bc1 Re4 27. Qf2 Qd7 28. Qf3 Qb5 29. Bc2 Rd4 30. Rd1 Qxc5 31. Rxd4 Qxd4 32. d6 Qxd6 33. Qxb7 Qc5 34. Qa8+ Nf8 35. Qg2 Qc3 36. Bb2 Qe1+ 37. Qg1 Qh4 38. Qg3 1/2-1/2